Govt. of
Madhya Pradesh

Indian Political Thought and Its Contemporary Relevance (Record no. 64084)

MARC details
000 -LEADER
fixed length control field 00288nam a22001097a 4500
082 ## - DEWEY DECIMAL CLASSIFICATION NUMBER
Classification number 320
100 ## - MAIN ENTRY--AUTHOR NAME
Personal name Bandyopadhyay, Sekhar
245 ## - TITLE STATEMENT
Title Indian Political Thought and Its Contemporary Relevance
260 ## - PUBLICATION, DISTRIBUTION, ETC. (IMPRINT)
Place of publication delhi
Name of publisher Atlantic Pub
Year of publication 2017
650 ## - SUBJECT ADDED ENTRY--TOPICAL TERM
Topical Term Politics
942 ## - ADDED ENTRY ELEMENTS (KOHA)
Koha item type Books
Holdings
Withdrawn status Lost status Damaged status Not for loan Home library Current library Date acquired Cost, normal purchase price Full call number Accession Number Price effective from Koha item type
        MACL MACL 23/01/2021 1250.00 320 CRE035596 d 23/01/2021 Books